[Event "Konnerud Tempo høstturnering 2024 A"]
[Site "Gruppe A"]
[Date "2024.08.14"]
[Round "8"]
[White "Ivanov, Dmitry N"]
[Black "Skjemstad, Frode"]
[Result "1-0"]
[WhiteElo "2151"]
[BlackElo "1940"]
[Annotator "haav-"]
[PlyCount "87"]
[GameId "2106489358209099"]
[EventDate "2024.??.??"]

1. e4 c6 2. d4 Qc7 3. c4 d6 4. Nc3 e5 5. Nf3 Bg4 6. Be2 Nf6 7. Be3 Be7 8. h3 Bxf3 9. Bxf3 Nbd7 10. O-O O-O 11. a4 a5 12. Qb3 Kh8 13. Rfd1 exd4 14. Bxd4 Nc5 15. Bxc5 dxc5 16. Rd2 Qf4 17. Rad1 Rad8 18. Rxd8 Rxd8 19. Rxd8+ Bxd8 20. Qxb7 Bc7 21. Qc8+ Ng8 22. g3 Qc1+ 23. Kg2 Qxb2 24. Qxc7 Qxc3 25. Qxf7 Qa1 26. Bg4 Qf6 27. Qe8 Qg6 28. Qe5 Nf6 29. Bf5 Qe8 30. Qxe8+ Nxe8 31. e5 Kg8 32. f4 h6 33. Bd7 Nc7 34. Bxc6 Kf8 35. Kf3 Ne6 36. Ke4 Nd4 37. Kd5 Ne2 38. Kxc5 Nxg3 39. Kd6 g5 40. fxg5 hxg5 41. e6 Nf5+ 42. Ke5 Ne7 43. Be4 Kg7 44. c5
1-0

[Event "Konnerud Tempo høstturnering 2024 A"]
[Site "Gruppe A"]
[Date "2024.08.14"]
[Round "8"]
[White "Simula, Leon"]
[Black "Aure, Anders Nilsson"]
[Result "1-0"]
[WhiteElo "2096"]
[BlackElo "1944"]
[Annotator "haav-"]
[PlyCount "81"]
[GameId "2098878385995837"]
[EventDate "2024.??.??"]

1. d4 Nf6 2. c4 e5 3. dxe5 Ng4 4. e4 h5 5. Be2 Nxe5 6. Nf3 Nxf3+ 7. Bxf3 Bb4+ 8. Nc3 Bxc3+ 9. bxc3 h4 10. h3 d6 11. Be3 Nc6 12. O-O Be6 13. c5 dxc5 14. e5 Nxe5 15. Bxb7 Qxd1 16. Rfxd1 Rb8 17. Be4 f5 18. Bd5 Kf7 19. Bxc5 Bxd5 20. Rxd5 Ke6 21. Rd2 Nc6 22. Re1+ Kf6 23. Rd7 Rhe8 24. Rxe8 Rxe8 25. Rxc7 Re1+ 26. Kh2 Re6 27. f4 a5 28. Kg1 g5 29. fxg5+ Kxg5 30. Bf2 Ne5 31. Rg7+ Ng6 32. Ra7 Nf4 33. Kf1 Rc6 34. Be3 Rxc3 35. Kf2 Rc2+ 36. Kf3 Rc4 37. Rxa5 Re4 38. Ra3 Rb4 39. Ra8 Rc4 40. Rg8+ Kh5 41. Bxf4
1-0

[Event "Konnerud Tempo høstturnering 2024 A"]
[Site "Gruppe A"]
[Date "2024.08.14"]
[Round "8"]
[White "Rørvik, Jon Fredrik T."]
[Black "Juodziukynas, Aidas"]
[Result "1-0"]
[WhiteElo "2097"]
[BlackElo "1878"]
[Annotator "haav-"]
[PlyCount "39"]
[GameId "2106483513139371"]
[EventDate "2024.??.??"]

1. c4 e5 2. Nc3 Nc6 3. g3 Bc5 4. Bg2 Nf6 5. e3 d5 6. Nxd5 Nxd5 7. cxd5 Nb4 8. d4 exd4 9. exd4 Qe7+ 10. Ne2 Bb6 11. a3 Na6 12. O-O O-O 13. Nc3 Re8 14. Bf4 Nb8 15. Qd2 Nd7 16. Rfe1 Qf8 17. Nb5 Rxe1+ 18. Rxe1 Qd8 19. Rc1 Nf6 20. Nxc7
1-0

[Event "Konnerud Tempo høstturnering 2024 A"]
[Site "Gruppe A"]
[Date "2024.08.14"]
[Round "8"]
[White "Stokke, Jan"]
[Black "Lurdalen, Svein Erik"]
[Result "1/2-1/2"]
[WhiteElo "1898"]
[BlackElo "1827"]
[Annotator "haav-"]
[PlyCount "194"]
[GameId "2099579993026594"]
[EventDate "2024.??.??"]

1. b4 c6 2. Bb2 a5 3. a3 Nf6 4. e3 d5 5. c4 Be6 6. Qc2 dxc4 7. Bxc4 Bxc4 8. Qxc4 Qd5 9. Qxd5 Nxd5 10. Nc3 e6 11. Nxd5 exd5 12. Nf3 axb4 13. axb4 Rxa1+ 14. Bxa1 Bxb4 15. O-O O-O 16. Rb1 Na6 17. Nd4 c5 18. Nf5 Re8 19. Bxg7 Bxd2 20. Rd1 Ba5 21. Bf6 Re6 22. Ne7+ Kf8 23. Nxd5 Nb4 24. Bc3 Nxd5 25. Bxa5 Ra6 26. Be1 Nf6 27. f3 Rc6 28. e4 c4 29. Bb4+ Ke8 30. Kf2 Nd7 31. Ke3 Ne5 32. Bc3 Nd3 33. Rb1 Rc7 34. Rb5 Kd7 35. Rh5 Kc6 36. Rxh7 b5 37. Rh6+ Kb7 38. Ba5 Rc6 39. Rxc6 Kxc6 40. Kd4 Nf4 41. g3 Ne6+ 42. Kc3 Ng5 43. f4 Nxe4+ 44. Kd4 Nc5 45. Bb4 Ne6+ 46. Ke5 Nc5 47. Kd4 Nd3 48. Bd2 Kd6 49. g4 Ke6 50. h4 Nf2 51. f5+ Kf6 52. Bg5+ Kg7 53. Bd2 Nxg4 54. Kc5 Kf6 55. Kxb5 Kxf5 56. Kxc4 Ne5+ 57. Kd5 Nf3 58. Ba5 Nxh4 59. Bd8 Ng6 60. Kd4 Kg4 61. Bf6 Kf5 62. Bd8 Nf8 63. Ke3 Ne6 64. Bb6 Kg4 65. Kf2 f5 66. Be3 Nc7 67. Ba7 Na6 68. Be3 Nb4 69. Bh6 Nd3+ 70. Kg2 Ne1+ 71. Kf2 Nf3 72. Bc1 Ne5 73. Bh6 Nd3+ 74. Ke2 Nc5 75. Kf2 Ne4+ 76. Kg2 Kh5 77. Be3 Kg6 78. Kf3 Kf6 79. Bd4+ Ke6 80. Kf4 Nd2 81. Be3 Nc4 82. Bd4 Nd6 83. Bc5 Nb5 84. Be3 Nc3 85. Ba7 Nd5+ 86. Kf3 Kf6 87. Bd4+ Kg5 88. Be5 Kg6 89. Kg3 Kf7 90. Kf3 Ke6 91. Bb8 Ne7 92. Ba7 Ng6 93. Bb8 Kd5 94. Bc7 Kd4 95. Bb8 Ne5+ 96. Kf4 Nd7 97. Kxf5 Nxb8
1/2-1/2

[Event "Konnerud Tempo høstturnering 2024 A"]
[Site "Gruppe A"]
[Date "2024.08.14"]
[Round "9"]
[White "Akerholt, Elias Engen"]
[Black "Ivanov, Dmitry N"]
[Result "0-1"]
[WhiteElo "1899"]
[BlackElo "2151"]
[Annotator "haav-"]
[PlyCount "92"]
[GameId "2101395833028675"]
[EventDate "2024.??.??"]

1. d4 d5 2. Bf4 c5 3. e3 Nc6 4. Nf3 Nf6 5. Nbd2 cxd4 6. exd4 Bf5 7. c3 e6 8. Qb3 Bd6 9. Qxb7 Bxf4 10. Qxc6+ Kf8 11. Be2 g6 12. g3 Bd6 13. Nh4 Bh3 14. Bf1 Bxf1 15. Nxf1 Rb8 16. Rb1 Kg7 17. Qa4 Qc7 18. Ne3 Ne4 19. Qc2 h5 20. f3 Nf6 21. f4 Ne4 22. Nf3 h4 23. Nxh4 Bxf4 24. gxf4 Rxh4 25. Ng2 Rh3 26. O-O Rbh8 27. Ne1 Rxh2 28. Qxh2 Rxh2 29. Kxh2 Nd2 30. Nd3 Nxb1 31. Rxb1 Qc4 32. Rd1 Qxa2 33. Kg3 a5 34. Kf3 Qb3 35. Ra1 Qb5 36. Ke3 Kf6 37. Rg1 Qb6 38. Ra1 Qc7 39. Rg1 Ke7 40. Ne5 Kd6 41. Ra1 f6 42. Nd3 g5 43. fxg5 fxg5 44. Rg1 Qd8 45. Ne5 Qf6 46. Rxg5 Qxg5+
0-1

[Event "Konnerud Tempo høstturnering 2024 A"]
[Site "Gruppe A"]
[Date "2024.08.14"]
[Round "9"]
[White "Skjemstad, Frode"]
[Black "Simula, Leon"]
[Result "0-1"]
[WhiteElo "1940"]
[BlackElo "2096"]
[Annotator "haav-"]
[PlyCount "88"]
[GameId "2103946441465935"]
[EventDate "2024.??.??"]

1. e4 c5 2. Nc3 Nc6 3. d3 g6 4. g3 Bg7 5. Bg2 Rb8 6. Be3 d6 7. Qd2 b5 8. f4 b4 9. Nd1 e6 10. Nf3 Nf6 11. h3 O-O 12. g4 Qb6 13. O-O Nd4 14. Ng5 h6 15. Nf3 h5 16. g5 Nxf3+ 17. Rxf3 Nd7 18. f5 exf5 19. exf5 Re8 20. f6 Bf8 21. Rf4 Bb7 22. Bxb7 Qxb7 23. Qg2 d5 24. a3 b3 25. d4 bxc2 26. Qxc2 cxd4 27. Bxd4 Bd6 28. Rf3 Re4 29. Bf2 Ne5 30. Re3 Rxe3 31. Nxe3 Rc8 32. Qe2 d4 33. Nd1 Nf3+ 34. Kf1 Nxg5 35. Bxd4 Qh1+ 36. Bg1 Qxh3+ 37. Qg2 Qf5+ 38. Qf2 Qe6 39. Nc3 Bc5 40. Qf4 Qh3+ 41. Ke1 Nf3+ 42. Kd1 Bxg1 43. Qh6 Qf1+ 44. Kc2 Nd4+
0-1

[Event "Konnerud Tempo høstturnering 2024 A"]
[Site "Gruppe A"]
[Date "2024.08.14"]
[Round "9"]
[White "Juodziukynas, Aidas"]
[Black "Berget, Eirik"]
[Result "1/2-1/2"]
[WhiteElo "1878"]
[BlackElo "2020"]
[Annotator "haav-"]
[PlyCount "108"]
[GameId "2101411013779517"]
[EventDate "2024.??.??"]

1. e4 c5 2. Nf3 Nc6 3. d4 cxd4 4. Nxd4 e5 5. Nb5 d6 6. N1c3 a6 7. Na3 Be6 8. Bc4 Bxc4 9. Nxc4 b5 10. Ne3 g6 11. O-O Bg7 12. Kh1 Nf6 13. Ned5 Rc8 14. Be3 Nxd5 15. Nxd5 O-O 16. Qd2 Nd4 17. c3 Ne6 18. Rad1 Qh4 19. f3 Kh8 20. Qf2 Qxf2 21. Rxf2 f5 22. Rfd2 fxe4 23. fxe4 Rc4 24. Nb6 Rxe4 25. Bg1 Nf4 26. Rxd6 Re2 27. R6d2 Re8 28. Rxe2 Nxe2 29. Be3 Nf4 30. g3 Ne6 31. Rd7 Bf8 32. Ra7 Bc5 33. Bxc5 Nxc5 34. Nd5 Re6 35. Nc7 Rc6 36. Kg2 Na4 37. Nxa6 Nxb2 38. Nc7 Rxc3 39. Nxb5 Rc5 40. Nc7 Rc3 41. Nd5 Rc6 42. Kf3 Nc4 43. Ke4 Re6 44. g4 Nd2+ 45. Ke3 Rd6 46. Nc7 Nc4+ 47. Ke2 Rd2+ 48. Kf3 Rd3+ 49. Ke2 Rd2+ 50. Ke1 Rxh2 51. Nd5 e4 52. Re7 Nd2 53. a4 Nf3+ 54. Kf1 Nd2+
1/2-1/2

[Event "Konnerud Tempo høstturnering 2024 A"]
[Site "Gruppe A"]
[Date "2024.08.14"]
[Round "9"]
[White "Vedeld, Steinar"]
[Black "Stokke, Jan"]
[Result "1-0"]
[WhiteElo "1866"]
[BlackElo "1898"]
[Annotator "haav-"]
[PlyCount "75"]
[GameId "2101415489466412"]
[EventDate "2024.??.??"]

1. e4 c5 2. Nf3 Nc6 3. d4 cxd4 4. Nxd4 g6 5. c3 Bg7 6. Be3 d6 7. Bb5 Bd7 8. Nxc6 Bxc6 9. Bxc6+ bxc6 10. Nd2 Nf6 11. O-O O-O 12. f3 Qc7 13. Qc2 Rab8 14. Rfd1 Rfd8 15. Rab1 c5 16. Nb3 Nd7 17. Qf2 Ne5 18. f4 Ng4 19. Qf3 Nxe3 20. Qxe3 a5 21. Qe2 a4 22. Nd2 a3 23. bxa3 Bxc3 24. Nf3 Qa7 25. Qc4 Bf6 26. Rxb8 Rxb8 27. e5 dxe5 28. fxe5 Bg7 29. Ng5 Rf8 30. e6 Bd4+ 31. Kh1 f6 32. Nf3 Rd8 33. a4 Rd6 34. h4 h5 35. Rb1 Ra6 36. Nxd4 cxd4 37. Qc8+ Kh7 38. Rb8
1-0

[Event "Konnerud Tempo høstturnering 2024 A"]
[Site "Gruppe A"]
[Date "2024.08.14"]
[Round "10"]
[White "Ivanov, Dmitry N"]
[Black "Lurdalen, Svein Erik"]
[Result "1-0"]
[WhiteElo "2151"]
[BlackElo "1827"]
[Annotator "haav-"]
[PlyCount "111"]
[GameId "2103946201722916"]
[EventDate "2024.??.??"]

1. Nf3 f5 2. d3 d6 3. e4 g6 4. exf5 Bxf5 5. d4 Nf6 6. Nc3 c6 7. Bd3 Qd7 8. Be3 Bxd3 9. Qxd3 Na6 10. h3 Bg7 11. O-O-O O-O 12. Qd2 b5 13. Ng5 b4 14. Nce4 Nd5 15. h4 Nxe3 16. fxe3 d5 17. Nf2 e5 18. Nfh3 exd4 19. exd4 Qg4 20. Nf3 Rae8 21. Nhg5 Re7 22. Rde1 Rfe8 23. Rxe7 Rxe7 24. Re1 Qd7 25. Ne5 Bxe5 26. dxe5 Qg4 27. Nf3 Nc5 28. Qd4 Qxd4 29. Nxd4 Rc7 30. Kd2 Ne4+ 31. Ke3 c5 32. Nf3 Kf7 33. Ra1 Ke6 34. a3 bxa3 35. Rxa3 Kf5 36. Ra6 h6 37. h5 d4+ 38. Kd3 g5 39. Rxh6 g4 40. Nd2 Nxd2 41. Kxd2 Kxe5 42. Rg6 Kf4 43. Kd3 Re7 44. h6 Re5 45. Rg7 Rh5 46. h7 a5 47. b3 Kg3 48. Kc4 Kf4 49. Kd3 Kg3 50. Ke4 Kxg2 51. Rxg4+ Kf2 52. Rg5 Rh4+ 53. Kd3 c4+ 54. bxc4 Rxh7 55. Rxa5 Kf3 56. Rf5+
1-0

[Event "Konnerud Tempo høstturnering 2024 A"]
[Site "Gruppe A"]
[Date "2024.08.14"]
[Round "10"]
[White "Juodziukynas, Aidas"]
[Black "Aure, Anders Nilsson"]
[Result "1-0"]
[WhiteElo "1878"]
[BlackElo "1944"]
[Annotator "haav-"]
[PlyCount "121"]
[GameId "2103953944268866"]
[EventDate "2024.??.??"]

1. d4 Nf6 2. Nf3 g6 3. c4 Bg7 4. Nc3 d5 5. Bf4 O-O 6. e3 c5 7. dxc5 Qa5 8. Rc1 Ne4 9. Be5 Bxe5 10. Nxe5 Nxc3 11. Qd2 Qxc5 12. Qxc3 Nd7 13. Nf3 dxc4 14. Bxc4 Qf5 15. O-O Qf6 16. Rfd1 Nb6 17. Qxf6 exf6 18. Bb3 Bd7 19. Rc7 Bc6 20. h3 Rac8 21. Rxc8 Rxc8 22. Rd6 Bxf3 23. gxf3 Kg7 24. Kg2 Rc7 25. f4 Nc4 26. Bxc4 Rxc4 27. Rd7 Rb4 28. b3 a5 29. Rd4 Rb6 30. Kf3 f5 31. Ke2 Kf6 32. Kd3 Ke6 33. f3 Rc6 34. Rc4 Rd6+ 35. Kc2 h5 36. h4 b6 37. Rc7 Rd5 38. a4 Rd6 39. Rc4 Rd5 40. b4 b5 41. e4 bxc4 42. exd5+ Kxd5 43. bxa5 Kc6 44. Kc3 Kc5 45. a6 Kb6 46. Kxc4 Kxa6 47. Kd5 f6 48. Ke6 g5 49. fxg5 fxg5 50. hxg5 h4 51. g6 h3 52. g7 h2 53. g8=Q h1=Q 54. Qa8+ Kb6 55. a5+ Kb5 56. Qd5+ Ka6 57. Kd6 Qa1 58. Kc6 Qc3+ 59. Kd6 Qf6+ 60. Kc5 Qc3+ 61. Qc4+
1-0

[Event "Konnerud Tempo høstturnering 2024 A"]
[Site "Gruppe A"]
[Date "2024.08.14"]
[Round "5"]
[White "Juodziukynas, Aidas"]
[Black "Kierulf, Villum Brevick"]
[Result "1-0"]
[WhiteElo "1878"]
[BlackElo "1959"]
[Annotator "haav-"]
[PlyCount "109"]
[GameId "2091258170429497"]
[EventDate "2024.??.??"]

1. d4 Nf6 2. c4 e6 3. g3 d5 4. Bg2 dxc4 5. Nf3 Bb4+ 6. Bd2 c5 7. Bxb4 cxb4 8. Qa4+ Nc6 9. Ne5 Bd7 10. Nxc6 Bxc6 11. Bxc6+ bxc6 12. Qxc6+ Nd7 13. O-O Rc8 14. Qa4 a5 15. Nd2 O-O 16. Rac1 Nb6 17. Qxa5 Qxd4 18. Rfd1 Qc5 19. Nxc4 Qxa5 20. Nxa5 Rxc1 21. Rxc1 Ra8 22. Nc4 Rc8 23. b3 Nd5 24. Rc2 Kf8 25. Kf1 Ra8 26. a4 bxa3 27. Ra2 Ke7 28. Rxa3 Rxa3 29. Nxa3 Kd6 30. Ke1 Kc5 31. Nc2 Nc3 32. Kd2 Ne4+ 33. Ke3 Nf6 34. f3 Nd5+ 35. Kd3 Nc7 36. e4 e5 37. b4+ Kb5 38. Kc3 Ne6 39. Na3+ Ka4 40. Nc4 f6 41. Nd6 Nd4 42. f4 Ne2+ 43. Kd3 Nc1+ 44. Kc4 Nb3 45. b5 Nd2+ 46. Kd5 Ka5 47. Nc4+ Nxc4 48. Kxc4 Kb6 49. fxe5 fxe5 50. Kb4 g6 51. h4 h6 52. g4 Kb7 53. Kc5 Kc7 54. Kd5 Kb6 55. Kxe5
1-0

[Event "Konnerud Tempo høstturnering 2024 A"]
[Site "Gruppe A"]
[Date "2024.08.14"]
[Round "5"]
[White "Simula, Leon"]
[Black "Berget, Eirik"]
[Result "1/2-1/2"]
[WhiteElo "2096"]
[BlackElo "2020"]
[Annotator "haav-"]
[PlyCount "64"]
[GameId "2091261545680932"]
[EventDate "2024.??.??"]

1. b3 Nf6 2. Bb2 e6 3. Nf3 d5 4. e3 Bd6 5. Be2 O-O 6. O-O Nbd7 7. d4 Ne4 8. c4 c6 9. Nbd2 f5 10. Ne5 Nxe5 11. dxe5 Bc5 12. Bd4 Bxd4 13. exd4 Nc3 14. Qe1 dxc4 15. Bxc4 b5 16. Nf3 Ne4 17. Bd3 Ng5 18. Nxg5 Qxg5 19. Qc3 Bb7 20. f4 Qe7 21. Be2 Rfd8 22. Rfd1 Rac8 23. b4 Qh4 24. Qe3 Qe7 25. a3 Qc7 26. Qc3 Qb6 27. Rd3 Rd7 28. Rad1 Ra8 29. Qc5 Qd8 30. Bf3 a5 31. g3 axb4 32. axb4 Ra6
1/2-1/2

[Event "Konnerud Tempo høstturnering 2024 A"]
[Site "Gruppe A"]
[Date "2024.08.14"]
[Round "5"]
[White "Aure, Anders Nilsson"]
[Black "Stokke, Jan"]
[Result "1/2-1/2"]
[WhiteElo "1944"]
[BlackElo "1898"]
[Annotator "haav-"]
[PlyCount "87"]
[GameId "2091279580299298"]
[EventDate "2024.??.??"]

1. c4 c5 2. Nc3 Nc6 3. g3 Nf6 4. Bg2 g6 5. d3 Bg7 6. Bd2 O-O 7. Rb1 e6 8. e4 d5 9. exd5 exd5 10. Nxd5 Re8+ 11. Be3 Nxd5 12. Bxd5 Nb4 13. Be4 f5 14. a3 fxe4 15. axb4 exd3 16. bxc5 Bf5 17. Qd2 Rc8 18. Kf1 Qd7 19. h4 Be4 20. f3 Rf8 21. Kg2 Bc6 22. b4 a6 23. h5 Qg4 24. Rf1 gxh5 25. Qxd3 Rcd8 26. Qb3 Qg6 27. b5 Rd3 28. Qb1 axb5 29. cxb5 Bd5 30. Qc1 Rc3 31. Qd1 Rc2+ 32. Rf2 Rxf2+ 33. Bxf2 Qf7 34. Rh4 Bf6 35. Rf4 Qe6 36. Bd4 Bg7 37. Rxf8+ Bxf8 38. Bf2 Bc4 39. Qa4 Qd5 40. c6 bxc6 41. bxc6 Bb5 42. Qe4 Bxc6 43. Qxd5+ Bxd5 44. Ne2
1/2-1/2

[Event "Konnerud Tempo høstturnering 2024 A"]
[Site "Gruppe A"]
[Date "2024.08.14"]
[Round "5"]
[White "Skjemstad, Frode"]
[Black "Vedeld, Steinar"]
[Result "1-0"]
[WhiteElo "1940"]
[BlackElo "1866"]
[Annotator "haav-"]
[PlyCount "105"]
[GameId "2098881209225346"]
[EventDate "2024.??.??"]

1. e4 e6 2. d4 d5 3. Nd2 c5 4. c3 Nc6 5. Ne2 b6 6. e5 Nge7 7. f4 Nf5 8. Nf3 Be7 9. g3 Bb7 10. Bg2 a6 11. O-O Qc7 12. Bd2 Rc8 13. Rc1 O-O 14. Qe1 Qd7 15. g4 Nh6 16. Qg3 f5 17. g5 Nf7 18. g6 hxg6 19. Qxg6 Nh8 20. Qg3 Qe8 21. Kh1 Qg6 22. Qf2 Kf7 23. Rg1 Ke8 24. Bf1 Qf7 25. Ng5 Bxg5 26. Rxg5 c4 27. Ng1 Rg8 28. Nf3 Kd7 29. b3 b5 30. bxc4 dxc4 31. d5 exd5 32. e6+ Qxe6 33. Re1 Qf6 34. Qb6 Rc7 35. Bh3 Ne7 36. Qxf6 gxf6 37. Rxe7+ Kxe7 38. Rxg8 d4 39. Bg2 Bxf3 40. Bxf3 Nf7 41. cxd4 c3 42. Bc1 b4 43. Ra8 Nd6 44. Rxa6 Ne4 45. Kg2 Rc4 46. d5 Rd4 47. Rc6 Nd2 48. Re6+ Kf7 49. Re1 Rxf4 50. Bxd2 cxd2 51. Rd1 Rd4 52. Kf2 Rd3 53. Ke2
1-0

[Event "Konnerud Tempo høstturnering 2024 A"]
[Site "Gruppe A"]
[Date "2024.08.14"]
[Round "5"]
[White "Akerholt, Elias Engen"]
[Black "Lurdalen, Svein Erik"]
[Result "0-1"]
[WhiteElo "1899"]
[BlackElo "1827"]
[Annotator "haav-"]
[PlyCount "114"]
[GameId "2091263228620836"]
[EventDate "2024.??.??"]

1. d4 Nf6 2. Nf3 b6 3. Bf4 Bb7 4. e3 e6 5. Nbd2 d5 6. Bd3 Bd6 7. Bg3 O-O 8. Ne5 Nbd7 9. O-O Re8 10. c3 Nf8 11. Bh4 Ng6 12. Bxg6 hxg6 13. Qf3 Be7 14. Rfe1 Rf8 15. Rac1 Ne4 16. Nxe4 Bxh4 17. Nd2 Bf6 18. Qg3 Rc8 19. Ndf3 c5 20. h3 Qe7 21. Kh2 Rc7 22. Rh1 Rfc8 23. Kg1 b5 24. a3 a5 25. Ng4 b4 26. Nxf6+ gxf6 27. cxb4 cxb4 28. Ra1 b3 29. Kh2 Rc2 30. Rab1 Ba6 31. Rhd1 Qb7 32. h4 Kg7 33. Ng1 Rh8 34. Nh3 Be2 35. Re1 Bd3 36. Kg1 Rhc8 37. Qf3 R8c6 38. Qd1 Ba6 39. Nf4 Qc7 40. g3 Bc4 41. Kg2 Qd6 42. Nd3 Bxd3 43. Qxd3 Rb6 44. Red1 a4 45. Qf1 Qc7 46. Qe1 Rbc6 47. Kf3 R6c4 48. Kg2 e5 49. dxe5 Qxe5 50. Qa5 Qxe3 51. Qe1 Qc5 52. Kg1 Re4 53. Qf1 Ree2 54. Rbc1 Qxf2+ 55. Qxf2 Rxf2 56. Rxc2 bxc2 57. Rxd5 Rf5
0-1

[Event "Konnerud Tempo høstturnering 2024 A"]
[Site "Gruppe A"]
[Date "2024.08.14"]
[Round "6"]
[White "Simula, Leon"]
[Black "Rørvik, Jon Fredrik T."]
[Result "1/2-1/2"]
[WhiteElo "2096"]
[BlackElo "2097"]
[Annotator "haav-"]
[PlyCount "22"]
[GameId "2093777731510329"]
[EventDate "2024.??.??"]

1. d4 Nf6 2. c4 e6 3. Nc3 d5 4. cxd5 exd5 5. Bg5 Be7 6. e3 O-O 7. Bd3 c6 8. Nge2 Re8 9. Qc2 Nbd7 10. O-O Nf8 11. f3 Be6
1/2-1/2

[Event "Konnerud Tempo høstturnering 2024 A"]
[Site "Gruppe A"]
[Date "2024.08.14"]
[Round "6"]
[White "Vedeld, Steinar"]
[Black "Akerholt, Elias Engen"]
[Result "0-1"]
[WhiteElo "1866"]
[BlackElo "1899"]
[Annotator "haav-"]
[PlyCount "80"]
[GameId "2093793789562937"]
[EventDate "2024.??.??"]

1. d4 Nf6 2. c4 b6 3. Nf3 Bb7 4. Nc3 e6 5. Bg5 Be7 6. e3 O-O 7. Bd3 h6 8. Bh4 d5 9. Qc2 Nbd7 10. cxd5 exd5 11. h3 Re8 12. O-O Nf8 13. Ne5 N6d7 14. Bxe7 Rxe7 15. Ng4 c6 16. Ne2 Rc8 17. Qd2 h5 18. Nh2 Nf6 19. Nf4 Qd6 20. Qd1 g6 21. Nf3 Rce8 22. Ne5 N6d7 23. Nxd7 Qxd7 24. Rc1 Kg7 25. Bb1 Ne6 26. Qd3 Nxf4 27. exf4 Qc8 28. Qg3 f5 29. Rc3 Re2 30. Re3 R8xe3 31. fxe3 Qe6 32. Qg5 Rxb2 33. e4 dxe4 34. g4 hxg4 35. hxg4 Qf6 36. gxf5 Qxg5+ 37. fxg5 gxf5 38. Rxf5 Rxb1+ 39. Kf2 Rb2+ 40. Ke3 Rxa2
0-1

[Event "Konnerud Tempo høstturnering 2024 A"]
[Site "Gruppe A"]
[Date "2024.08.14"]
[Round "6"]
[White "Ivanov, Dmitry N"]
[Black "Juodziukynas, Aidas"]
[Result "1-0"]
[WhiteElo "2151"]
[BlackElo "1878"]
[Annotator "haav-"]
[PlyCount "105"]
[GameId "2093807657619490"]
[EventDate "2024.??.??"]

1. d4 Nf6 2. Nf3 d5 3. g3 e6 4. Bg2 c5 5. O-O Be7 6. c4 O-O 7. cxd5 exd5 8. Nc3 Nc6 9. b3 Bg4 10. dxc5 Bxc5 11. Bb2 Re8 12. h3 Bf5 13. e3 Rc8 14. Rc1 Nb4 15. Nh4 Bd3 16. Re1 Ba6 17. Bf1 Bxf1 18. Kxf1 Qd7 19. g4 h5 20. a3 Nc6 21. Nxd5 Nxd5 22. Rxc5 Nce7 23. Qd4 f6 24. Rec1 Rxc5 25. Rxc5 b6 26. Rc1 hxg4 27. Qxg4 Qb5+ 28. Qc4 Qd7 29. Kg2 Rc8 30. Qg4 Nxe3+ 31. fxe3 Qd2+ 32. Kf3 Rxc1 33. Bxc1 Qxc1 34. Qc4+ Qxc4 35. bxc4 Kf7 36. Ke4 Ke6 37. Nf3 Kd6 38. h4 Kc5 39. Nd2 a6 40. Kd3 Nf5 41. h5 Kd6 42. Ne4+ Kc6 43. Kc3 Nxe3 44. Nxf6 Nf5 45. Ne8 Kd7 46. Nxg7 Nd6 47. h6 Nf7 48. h7 Ke7 49. Nh5 Nh8 50. Nf4 Kd6 51. Kd4 Nf7 52. Ng6 Kc6 53. Ne5+
1-0

[Event "Konnerud Tempo høstturnering 2024 A"]
[Site "Gruppe A"]
[Date "2024.08.14"]
[Round "6"]
[White "Stokke, Jan"]
[Black "Skjemstad, Frode"]
[Result "1/2-1/2"]
[WhiteElo "1898"]
[BlackElo "1940"]
[Annotator "haav-"]
[PlyCount "116"]
[GameId "2093812084834338"]
[EventDate "2024.??.??"]

1. Nf3 c6 2. c4 d6 3. e3 e5 4. Nc3 Qc7 5. d4 Nf6 6. d5 Be7 7. Be2 O-O 8. O-O a5 9. b3 Na6 10. Bb2 Nc5 11. Qc2 Ne8 12. a3 Qb6 13. Nd2 f5 14. b4 axb4 15. axb4 Rxa1 16. Rxa1 Qxb4 17. Ra8 Nf6 18. Ba3 Qb6 19. Bxc5 Qxc5 20. Qa4 cxd5 21. Nxd5 Nxd5 22. cxd5 Qc1+ 23. Nf1 e4 24. g3 Bf6 25. Bb5 Qc7 26. Nd2 Qc1+ 27. Nf1 g6 28. Bd7 Qc7 29. Bb5 Kg7 30. Kg2 Bd7 31. Ra7 Bxb5 32. Qxb5 Rf7 33. Nd2 Qb8 34. Qb6 Qc7 35. Qb5 Qd7 36. Qb4 Qc7 37. Nc4 Rd7 38. Na5 Bc3 39. Qb5 Bxa5 40. Rxa5 Rd8 41. Qb2+ Kf7 42. Rb5 Rb8 43. Rb6 h6 44. Qb4 Ke7 45. Qb2 Kf7 46. Qb4 Qc5 47. Rxb7+ Rxb7 48. Qxb7+ Kf6 49. h4 h5 50. Qb2+ Kf7 51. Qb7+ Ke8 52. Qg7 Qxd5 53. Qxg6+ Qf7 54. Qxd6 Qe7 55. Qh6 Qf7 56. Qc6+ Kf8 57. Qh6+ Ke8 58. Qg5 Kf8
1/2-1/2

[Event "Konnerud Tempo høstturnering 2024 A"]
[Site "Gruppe A"]
[Date "2024.08.14"]
[Round "7"]
[White "Skjemstad, Frode"]
[Black "Kierulf, Villum Brevick"]
[Result "1-0"]
[WhiteElo "1940"]
[BlackElo "1959"]
[Annotator "haav-"]
[PlyCount "85"]
[GameId "2096337077178402"]
[EventDate "2024.??.??"]

1. e4 c5 2. Nc3 Nc6 3. d3 g6 4. Be3 d6 5. Qd2 Bg7 6. g3 h6 7. f4 Nf6 8. Nf3 Rb8 9. Bg2 b5 10. h3 b4 11. Ne2 Nd7 12. c3 e5 13. O-O a5 14. Rf2 bxc3 15. bxc3 Qb6 16. Raf1 Qb2 17. Qd1 O-O 18. Ned4 Qb6 19. Nxc6 Qxc6 20. f5 Nf6 21. g4 c4 22. Qc1 g5 23. Bxg5 hxg5 24. Qxg5 Nh7 25. Qh5 f6 26. g5 fxg5 27. Nxg5 Nf6 28. Qh4 cxd3 29. Bf3 Qe8 30. Rg2 d5 31. Kh1 dxe4 32. Nxe4 Qf7 33. Rfg1 Bxf5 34. Nd6 Qd7 35. Nxf5 Ne8 36. Bd5+ Rf7 37. Nh6+ Kf8 38. Bxf7 d2 39. Bxe8 Kxe8 40. Qh5+ Kd8 41. Rxg7 Qxg7 42. Rxg7 Rb1+ 43. Rg1
1-0

[Event "Konnerud Tempo høstturnering 2024 A"]
[Site "Gruppe A"]
[Date "2024.08.14"]
[Round "9"]
[White "Aure, Anders Nilsson"]
[Black "Rørvik, Jon Fredrik T."]
[Result "0-1"]
[WhiteElo "1944"]
[BlackElo "2097"]
[Annotator "haav-"]
[PlyCount "81"]
[GameId "2101415657672782"]
[EventDate "2024.??.??"]

1. c4 Nf6 2. Nc3 e5 3. g3 d5 4. cxd5 Nxd5 5. Bg2 Nb6 6. Nf3 Nc6 7. O-O Be7 8. d3 O-O 9. Be3 Be6 10. Ne4 Nd5 11. Bc5 f6 12. Rc1 b6 13. Bxb6 axb6 14. Rxc6 Qd7 15. Rc1 Rxa2 16. Rb1 c5 17. Nc3 Ra5 18. Nxd5 Bxd5 19. Nd2 Rfa8 20. Bxd5+ Qxd5 21. Nc4 R5a6 22. b3 b5 23. Ne3 Qe6 24. Qc2 f5 25. Rfc1 f4 26. Ng2 Qd5 27. Qc3 Ra2 28. Rc2 R2a6 29. Rcc1 fxg3 30. hxg3 Rh6 31. Ra1 Rf8 32. Ra7 Qe6 33. Rxe7 Qxe7 34. Qxc5 Qf7 35. b4 Qh5 36. f3 Qg5 37. g4 Qd2 38. Kf2 Rhf6 39. Qd5+ Kh8 40. Rc5 h5 41. Kf1
0-1